[Event "Challenge"]
[Site "http://www.queenalice.com/game.php?id=762937"]
[Date "2010.4.18"]
[Round "-"]
[White "hp64"]
[Black "anmarton"]
[Result "1-0"]
[WhiteElo "1888"]
[BlackElo "1983"]

1. e4 c5 2. Nf3 d6 3. d4 cxd4 4. Nxd4 Nf6 5. Nc3 a6 6. h3 e5 7. Nde2 Nc6 8. g4
Be6 9. Bg2 Be7 10. Be3 O-O 11. Nd5 Bxd5 12. exd5 Nb8 13. Ng3 Re8 14. g5 Nfd7 15.
h4 a5 16. Qg4 Na6 17. Nf5 Rc8 18. Nh6+ Kf8 19. Qf5 gxh6 20. Qxh7 Nf6 21. Qxh6+
Kg8 22. gxf6 Bxf6 23. Be4 1-0

[Event "Challenge"]
[Site "http://www.queenalice.com/game.php?id=763098"]
[Date "2010.4.18"]
[Round "-"]
[White "anmarton"]
[Black "hp64"]
[Result "0-1"]
[WhiteElo "1963"]
[BlackElo "1908"]

1. e4 Nc6 2. Nf3 f5 3. exf5 d5 4. Nh4 Nh6 5. Qh5+ Nf7 6. Bb5 g6 7. Qf3 g5 8. Ng6
hxg6 9. fxg6 Ne5 10. Qg3 Nxg6 11. Qxg5 Nh4 12. Nc3 Bh3 13. Be2 Nxg2+ 14. Kd1 e6
15. Qg6+ Kd7 16. Rg1 Nh4 17. Qg3 Nf5 18. Qd3 Bd6 19. Bg4 Bxg4+ 20. Rxg4 Rxh2 0-1

[Event "Challenge"]
[Site "http://www.queenalice.com/game.php?id=765935"]
[Date "2010.4.25"]
[Round "-"]
[White "hp64"]
[Black "REUSKING"]
[Result "1-0"]
[WhiteElo "1868"]
[BlackElo "1966"]

1. e4 e5 2. Bc4 Nf6 3. d4 exd4 4. Nf3 d5 5. exd5 Bb4+ 6. Kf1 O-O 7. Qxd4 Bf5 8.
Bb3 Bd6 9. Nh4 Bg6 10. Nc3 Nbd7 11. Nxg6 fxg6 12. Bg5 Kh8 13. Re1 Re8 14. Rxe8+
Qxe8 15. g3 Qe5 16. Qxe5 Nxe5 17. Kg2 Re8 18. Re1 Nf7 19. Rxe8+ Nxe8 20. Be3 a6
21. f4 Nf6 22. Kf3 Nh6 23. Ne2 Nf5 24. Bf2 Kg8 25. g4 Ne7 26. c4 b6 27. h3 Nd7
28. Nd4 Nc5 29. Bc2 Kf7 30. b4 Nd7 31. Ba4 Nf8 32. Ne6 Bxb4 33. Nxc7 a5 34. Be8+
Kg8 35. Bxb6 Nc8 36. c5 1-0

[Event "Challenge"]
[Site "http://www.queenalice.com/game.php?id=765936"]
[Date "2010.4.25"]
[Round "-"]
[White "REUSKING"]
[Black "hp64"]
[Result "0-1"]
[WhiteElo "1967"]
[BlackElo "1847"]

1. e4 Nc6 2. d4 d5 3. e5 f6 4. exf6 Nxf6 5. Nf3 Bg4 6. Be2 Bxf3 7. Bxf3 e5 8.
dxe5 Nxe5 9. O-O Nxf3+ 10. Qxf3 Be7 11. Bf4 O-O 12. Qb3 c6 13. Bg3 Ne4 14. f3
Bc5+ 15. Kh1 Nxg3+ 16. hxg3 Rf5 17. Nc3 Rh5# 0-1

[Event "Challenge"]
[Site "http://www.queenalice.com/game.php?id=765941"]
[Date "2010.4.25"]
[Round "-"]
[White "ztnilz"]
[Black "hp64"]
[Result "0-1"]
[WhiteElo "1771"]
[BlackElo "1936"]

1. e4 Nc6 2. d4 d5 3. exd5 Qxd5 4. c3 e5 5. Be3 Nf6 6. Be2 Qxg2 7. Bf3 Qg6 8.
Bxc6+ bxc6 9. dxe5 Nd5 10. Bd4 Qe4+ 0-1

[Event "Challenge"]
[Site "http://www.queenalice.com/game.php?id=769532"]
[Date "2010.5.2"]
[Round "-"]
[White "hp64"]
[Black "anmarton"]
[Result "0-1"]
[WhiteElo "2082"]
[BlackElo "2171"]

1. e4 c5 2. Nf3 Nc6 3. Nc3 d6 4. d4 cxd4 5. Nxd4 Nf6 6. Bb5 Bd7 7. O-O a6 8.
Nxc6 bxc6 9. Bc4 e5 10. Qd3 a5 11. Rd1 h6 12. b3 Be7 13. Ba3 c5 14. Nb5 Bxb5 15.
Bxb5+ Kf8 16. Bc1 g6 17. a4 Kg7 18. Bc4 Qc7 19. f4 Rad8 20. Rf1 Rhf8 21. Bb2 Kh7
22. f5 g5 23. Rae1 Kg7 24. Bc3 Qb6 25. Qd1 Rd7 26. Rf3 Rh8 27. Rg3 Kf8 28. Qd2
Ra7 29. Qe2 Qc7 0-1

[Event "Challenge"]
[Site "http://www.queenalice.com/game.php?id=769533"]
[Date "2010.5.2"]
[Round "-"]
[White "anmarton"]
[Black "hp64"]
[Result "0-1"]
[WhiteElo "2105"]
[BlackElo "1954"]

1. e4 Nc6 2. Nf3 f5 3. exf5 d5 4. Nh4 Nh6 5. d3 Qd6 6. g4 Qf6 7. Ng2 Qe5+ 8. Be3
Nxg4 9. Qxg4 Qxb2 10. Qh5+ g6 11. fxg6 hxg6 12. Qxg6+ Kd8 13. Kd2 d4 14. Bg5
Qxa1 15. Be2 Qxa2 16. Nf4 Rg8 17. Qh5 Qa5+ 0-1

[Event "Challenge"]
[Site "http://www.queenalice.com/game.php?id=769536"]
[Date "2010.5.2"]
[Round "-"]
[White "hp64"]
[Black "anmarton"]
[Result "0-1"]
[WhiteElo "2070"]
[BlackElo "2180"]

1. d4 Nf6 2. c4 d6 3. Nc3 Nbd7 4. e4 e5 5. Nf3 Be7 6. Be2 O-O 7. O-O Re8 8. Qc2
exd4 9. Nxd4 Nf8 10. Rd1 Ng6 11. h3 Bf8 12. Bg5 c6 13. Nf5 h6 14. Be3 Nxe4 15.
Nxh6+ gxh6 16. Nxe4 Bf5 17. Bd3 Bxe4 18. Bxe4 Qf6 19. Rd2 Nf4 20. Rad1 a6 21.
Bd4 Re5 22. Bxe5 dxe5 23. Qb3 Rb8 24. Qe3 Ne6 25. Qa7 Re8 26. Qxb7 Nd4 27. Rd3
c5 28. Ra3 Re6 0-1

[Event "Challenge"]
[Site "http://www.queenalice.com/game.php?id=769553"]
[Date "2010.5.2"]
[Round "-"]
[White "anmarton"]
[Black "hp64"]
[Result "1-0"]
[WhiteElo "2189"]
[BlackElo "2058"]

1. e3 Nc6 2. f4 g6 3. Nf3 Bg7 4. Be2 d5 5. O-O d4 6. e4 Nf6 7. d3 O-O 8. h3 Nd7
9. Qe1 a5 10. Qg3 e6 11. Nbd2 b6 12. e5 Bb7 13. Nh2 Nb4 14. Bd1 Nc5 15. a3 Nd5
16. Ne4 f5 17. exf6 Nxe4 18. dxe4 Nxf6 19. e5 Ne4 20. Qg4 Bd5 21. Bf3 Qe8 22.
Re1 Qc6 23. Re2 Rf7 24. Nf1 Bh6 25. Qh4 Bg7 26. Qe1 Nc5 27. Nh2 d3 28. cxd3 1-0

[Event "Challenge"]
[Site "http://www.queenalice.com/game.php?id=773431"]
[Date "2010.5.10"]
[Round "-"]
[White "hp64"]
[Black "Canaye"]
[Result "1-0"]
[WhiteElo "2011"]
[BlackElo "1864"]

1. e4 e6 2. Nf3 d5 3. e5 c5 4. b4 cxb4 5. a3 Qa5 6. Bb2 b3 7. cxb3 Nc6 8. b4 Qc7
9. Nc3 a6 10. Rc1 g6 11. b5 axb5 12. Nxb5 Qd8 13. Qb3 Bd7 14. h4 Nh6 15. h5 Nf5
16. g4 Nh6 17. hxg6 fxg6 18. Nd6+ Ke7 19. Qe3 Nxg4 20. Qg5+ 1-0

[Event "AUTO-OPEN-1850"]
[Site "http://www.queenalice.com/game.php?id=773973"]
[Date "2010.5.11"]
[Round "2"]
[White "bukbuk"]
[Black "hp64"]
[Result "0-1"]
[WhiteElo "2439"]
[BlackElo "2054"]

1. e4 c5 2. Bc4 Nc6 3. Nf3 Nf6 4. e5 d5 5. Bb5 Nd7 6. Bxc6 bxc6 7. d4 Qa5+ 8. c3
cxd4 9. Qxd4 Ba6 10. b4 Qb5 11. Qe3 e6 12. a3 Qa4 13. Ra2 Be7 14. Rb2 c5 15.
Nfd2 O-O 16. Nb3 f6 17. exf6 Rxf6 18. Nxc5 Nxc5 19. bxc5 Qc6 20. Qg3 Bxc5 21.
Bf4 Raf8 22. Be5 Rg6 23. Qh3 d4 24. f3 Bxa3 25. Rd2 Qb5 26. Bxd4 Qxb1+ 27. Rd1
Qb5 28. Rd2 e5 29. Be3 Qb1+ 30. Rd1 Qc2 31. Rd2 Qxc3 32. Bxa7 Bb4 33. Qd7 Rxg2
34. Qd5+ Kh8 35. Kd1 Rxd2+ 0-1

[Event "AUTO-OPEN-1850"]
[Site "http://www.queenalice.com/game.php?id=773974"]
[Date "2010.5.11"]
[Round "2"]
[White "hp64"]
[Black "bukbuk"]
[Result "0-1"]
[WhiteElo "2084"]
[BlackElo "2426"]

1. e4 e5 2. Bc4 Nf6 3. d3 c6 4. Nf3 d5 5. Bb3 Bd6 6. exd5 cxd5 7. O-O O-O 8. Bg5
d4 9. Nbd2 h6 10. Bxf6 Qxf6 11. Ne4 Qd8 12. Nh4 Kh7 13. Nxd6 Qxd6 14. Qh5 Qf6
15. g3 g6 16. Qe2 Bh3 17. Rfe1 Nc6 18. Bd5 Qd6 19. Bh1 Rac8 20. c4 dxc3 21. bxc3
Rfe8 22. Rab1 b6 23. Rb5 Bd7 24. Qd2 f6 25. Rb2 Be6 26. Bg2 Kg7 27. Be4 f5 28.
Bg2 g5 29. Nf3 g4 30. Nh4 Red8 31. Bf1 Ne7 32. Rb5 e4 33. Qb2 Bd7 34. Rb4 Nc6
35. dxe4 Nxb4 36. cxb4+ Kf7 37. exf5 Qf6 38. Qe2 h5 39. Qe4 Kg7 40. Qf4 a5 41.
bxa5 bxa5 42. Re5 a4 0-1

[Event "AUTO-OPEN-1850"]
[Site "http://www.queenalice.com/game.php?id=773977"]
[Date "2010.5.11"]
[Round "2"]
[White "Antonino"]
[Black "hp64"]
[Result "0-1"]
[WhiteElo "1948"]
[BlackElo "1993"]

1. e4 Nc6 2. d4 d5 3. Nc3 Nf6 4. e5 Ne4 5. Be3 Bf5 6. Nxe4 Bxe4 7. Nf3 Qd7 8.
Bd3 f6 9. exf6 exf6 10. a3 O-O-O 11. Bxe4 dxe4 12. Nd2 Nxd4 13. Nxe4 Qc6 14. c3
Qxe4 15. cxd4 Qxg2 16. Kd2 Qd5 17. Qc2 f5 18. f4 Bd6 19. Kc3 Rhe8 0-1

[Event "AUTO-OPEN-1850"]
[Site "http://www.queenalice.com/game.php?id=773978"]
[Date "2010.5.11"]
[Round "2"]
[White "hp64"]
[Black "Antonino"]
[Result "1-0"]
[WhiteElo "1978"]
[BlackElo "1963"]

1. e4 e5 2. Bc4 Nf6 3. d4 exd4 4. Nf3 Nxe4 5. Qxd4 Nf6 6. Nc3 Nc6 7. Qd3 Be7 8.
Bf4 O-O 9. O-O-O a6 10. Rhe1 d6 11. a3 h6 12. Qg6 Kh8 13. Bxf7 Qd7 14. Bxh6 Rxf7
15. Ng5 1-0

[Event "Challenge"]
[Site "http://www.queenalice.com/game.php?id=776985"]
[Date "2010.5.17"]
[Round "-"]
[White "colatina"]
[Black "hp64"]
[Result "0-1"]
[WhiteElo "1714"]
[BlackElo "2007"]

1. d4 Nf6 2. Nf3 e6 3. Bg5 h6 4. Bh4 c5 5. d5 g5 6. Bg3 exd5 7. c3 d6 8. b4 Bg7
9. e3 O-O 10. bxc5 dxc5 11. a4 Ne4 12. Ra3 Qe7 13. Qc1 Nc6 14. Bd3 Bf5 15. Bxe4
dxe4 16. Nfd2 Rfd8 17. O-O Rd3 18. f4 exf3 19. Rxf3 Bg4 20. Rf1 Rxe3 21. Nc4 Re2
22. Re1 Rd8 23. Ne3 Ne5 24. Bxe5 Bxe5 25. Rxe2 Bxe2 26. Qe1 Bf4 27. Kh1 Qxe3 28.
c4 Qe5 29. Nc3 Bd2 30. Qxe2 Bxc3 0-1

[Event "Challenge"]
[Site "http://www.queenalice.com/game.php?id=781371"]
[Date "2010.5.27"]
[Round "-"]
[White "hp64"]
[Black "CCapivara"]
[Result "1/2-1/2"]
[WhiteElo "2050"]
[BlackElo "2140"]

1. e4 c6 2. Nc3 d6 3. d4 Nf6 4. f4 Qa5 5. Bd3 e5 6. Nf3 Bg4 7. Be3 Nbd7 8. Be2
Nxe4 9. Bd2 Nxd2 10. Qxd2 Bxf3 11. Bxf3 Be7 12. O-O-O exd4 13. Rhe1 dxc3 14.
Rxe7+ Kxe7 15. Qxd6+ Ke8 16. Qxd7+ 1/2-1/2

[Event "Challenge"]
[Site "http://www.queenalice.com/game.php?id=781372"]
[Date "2010.5.27"]
[Round "-"]
[White "CCapivara"]
[Black "hp64"]
[Result "0-1"]
[WhiteElo "2155"]
[BlackElo "2021"]

1. e4 Nc6 2. d4 d5 3. exd5 Qxd5 4. Nf3 Bg4 5. Be2 O-O-O 6. c3 e5 7. Nxe5 Bxe2 8.
Qxe2 Nxe5 9. Qxe5 Qxg2 10. Rf1 Nf6 11. Bf4 Re8 12. Nd2 Bd6 13. O-O-O Bxe5 14.
dxe5 Nh5 0-1